00581 2200181 4500001002100000005001700021008004100038020002200079035002900101090002300130100003400153245009700187250001000284260003300294300002800327650002000355990002400375INLIS00000000002367120150123143306.0  a978-979-1368-90-2 a##a0010-011500000000460 aR 297.25 Muh d V.2 aMuhammad Nasiruddin Al Albani aDerajat Hadits-Hadits Dalam Tafsir Ibnu Katsir Vol 2b(Hadist Shahih, Hasan, Dha'if, Maudhu) aCet 1 aJakartabPustaka Azzamc2008 aviii + 1012 hlm ; 25 cm aKumpulan Hadist a32673/PUSDACIL/2015